Crisis y transiciones políticas en Asia del Este (Record no. 135679)

MARC details
000 -LEADER
fixed length control field 00794nam a22002297a 4500
005 - DATE AND TIME OF LATEST TRANSACTION
control field 20170713130232.0
008 - FIXED-LENGTH DATA ELEMENTS--GENERAL INFORMATION
fixed length control field 170713b mx ||||| |||| 00| 0 spa d
020 ## - INTERNATIONAL STANDARD BOOK NUMBER
International Standard Book Number 9707270039 (Cámara de Senadores)
020 ## - INTERNATIONAL STANDARD BOOK NUMBER
International Standard Book Number 9707012668 (M. A. Porrúa)
050 04 - LIBRARY OF CONGRESS CALL NUMBER
Classification number JQ1499.A91
Item number C75 2002
245 00 - TITLE STATEMENT
Title Crisis y transiciones políticas en Asia del Este
Statement of responsibility, etc / coordinador Juan José Ramírez Bonilla.
250 ## - EDITION STATEMENT
Edition statement 1a ed.
260 ## - PUBLICATION, DISTRIBUTION, ETC. (IMPRINT)
Place of publication, distribution, etc México :
Name of publisher, distributor, etc El Colegio de México
260 ## - PUBLICATION, DISTRIBUTION, ETC. (IMPRINT)
Name of publisher, distributor, etc Cámara de Senadores LVIII Legislatura
260 ## - PUBLICATION, DISTRIBUTION, ETC. (IMPRINT)
Name of publisher, distributor, etc Miguel Ángel Porrúa,
Date of publication, distribution, etc 2002.
300 ## - PHYSICAL DESCRIPTION
Extent 296 p. ;
Dimensions 23 cm.
504 ## - BIBLIOGRAPHY, ETC. NOTE
Bibliography, etc Incluye índice.
651 #4 - SUBJECT ADDED ENTRY--GEOGRAPHIC NAME
Geographic name Asia del Este
General subdivision Política y gobierno
651 #4 - SUBJECT ADDED ENTRY--GEOGRAPHIC NAME
Geographic name Asia del este
General subdivision Historia
700 1# - ADDED ENTRY--PERSONAL NAME
Personal name Ramírez Bonilla, Juan José,
Relator term coordinador
942 ## - ADDED ENTRY ELEMENTS (KOHA)
Source of classification or shelving scheme Biblioteca del Cogreso de los Estados Unidos
Koha item type Libro
Holdings
Estado de pérdida Fuente de clasificación Estado del daño No para préstamo Ubicación permanente Ubicación actual Apartado o colección Fecha de adquisición Fuente de adquisición Edición Área del conocimiento Clasificación Código de Barras Date last seen Número de copia Tipo de recurso
  Biblioteca del Cogreso de los Estados Unidos     Biblioteca de la Unidad de Ciencias Ingeniería y Humanidades Biblioteca de la Unidad de Ciencias Ingeniería y Humanidades Colección "Miguel Ángel Porrúa" 13/07/2017 Donación 1a ed. Ciencias Sociales y Administrativas JQ1499.A91 C75 2002 BCU000018841 13/07/2017 1 Libro